banner-ar

نظرات حول الجزائر (Record no. 37920)

MARC details
000 -الفاتح
حقل البيانات ثابتة الطول 00267nam a2200121Ia 4500
008 - عناصر البيانات ثابتة الطول - معلومات عامة
حقل البيانات ثابتة الطول 140319s9999 xx 000 0 ara d
040 ## - مصدر الفهرسة
وكالة الفهرسة الأصلية GCL /
وكالة النسخ GCL
082 04 - رقم تصنيف ديوى العشرى
رقم التصنيف 910.1
رقم المادة ن ح
245 10 - بيان العنوان
العنوان نظرات حول الجزائر
300 ## - الوصف المادى
التعداد 108
490 ## - بيان السلسلة
عنوان السلسلة
Holdings
حالة التراجع حالة الفقد حالة تلف ليس للاعارة المكان المؤقت الموقع الحالى تاريخ الاكتساب اجمالي اﻻعارات رقم الطلب الباركود تاريخ اخر مشاهدة تاريخ تفعيل السعر نوع وعاء كوها
        مكتبة القاهرة الكبرى مكتبة القاهرة الكبرى 03/26/2014   910.1\ن ح 92671 03/26/2014 03/26/2014 كتاب

Powered By

EGPV